Nome dei colori in giapponese - Statistics

Statistiche generali
  • Questo quiz è stato fatto 24 volte
  • Il punteggio medio è 7 su 16
Statistiche sulle risposte
Hint Risposta % Corretto
rosso aka
95%
blu ao
90%
nero kuro
81%
bianco shiro
81%
verde midori
71%
viola baioretto|murasaki
43%
arancione orenji
43%
rosa pinku
43%
giallo kiiro
38%
marrone chairo
24%
argento giniro
19%
grigio haiiro
19%
oro kiniro
19%
magenta mazenta
14%
azzurro mizuiro
14%
ciano shian
14%
Nessun quiz corrispondente trovato
Distribuzione punteggi
Percentuale di utenti per punteggio
Percentile per numero di risposta
I tuoi punteggi nel tempo
Non hai fatto questo quiz